[Event "Montigny le Bretonneux Noel op 11th"]
[Site "Montigny le Bretonneux"]
[Date "2008.12.27"]
[Round "2"]
[White "Pantic, David"]
[Black "Brisson, Michele"]
[Result "1-0"]
[WhiteElo "1950"]
[BlackElo "1160"]
[PlyCount "83"]
[EventDate "2008.12.26"]
[EventType "swiss"]
[EventRounds "7"]
[EventCountry "FRA"]
[SourceTitle "EXT 2010"]
[Source "ChessBase"]
[SourceDate "2010.11.25"]
[SourceVersion "1"]
[SourceVersionDate "2010.11.25"]
[SourceQuality "1"]

1. e4 e5 2. Bc4 Nf6 3. Nc3 Bc5 4. d3 d6 5. Nf3 Nc6 6. 0-0 0-0 7. Na4 Na5 8. Nxc5 Nxc4 9. dxc4 dxc5 10. Qxd8 Rxd8 11. Bg5 Rd6 12. Rfe1 Re6 13. Rad1 h6 14. Rd8+ Kh7 15. Bxf6 Rxf6 16. Nxe5 b6 17. f3 Bb7 18. Red1 Rc8 19. h4 a6 20. h5 Rxd8 21. Rxd8 c6 22. Nd7 Rd6 23. Nf8+ Kg8 24. Rxd6 Kxf8 25. Rd7 Ba8 26. Rd8+ Ke7 27. Rxa8 a5 28. Kf2 Ke6 29. Ke3 Kf6 30. Ra6 g6 31. hxg6 fxg6 32. Rxb6 Kg5 33. f4+ Kg4 34. Rxc6 g5 35. fxg5 hxg5 36. Rxc5 Kh4 37. g3+ Kg4 38. a4 Kh5 39. Kf3 Kg6 40. Kg4 Kf6 41. e5+ Ke6 42. Rd5 1-0

[Event "Montigny le Bretonneux Noel op 08th"]
[Site "Montigny le Bretonneux"]
[Date "2005.12.30"]
[Round "6"]
[White "Pantic, David"]
[Black "Pantelic, Dimitry"]
[Result "1-0"]
[WhiteElo "1820"]
[BlackElo "1980"]
[PlyCount "79"]
[EventDate "2005.12.26"]
[EventType "swiss"]
[EventRounds "7"]
[EventCountry "FRA"]
[SourceTitle "CBM 110 Extra"]
[Source "ChessBase"]
[SourceDate "2006.03.10"]
[SourceVersion "2"]
[SourceVersionDate "2006.03.10"]
[SourceQuality "1"]

1. b3 Nf6 2. Bb2 e6 3. e3 g6 4. Nf3 Bg7 5. Be2 0-0 6. d3 b6 7. Nbd2 Bb7 8. c4 d5 9. Qc2 c5 10. 0-0 Nc6 11. a3 a5 12. cxd5 exd5 13. d4 cxd4 14. Nxd4 Rc8 15. Nxc6 Rxc6 16. Qd3 Qc7 17. Rab1 Rc8 18. Nf3 Ne8 19. Nd4 Rc5 20. b4 axb4 21. axb4 Rc4 22. Qd2 Bxd4 23. Bxd4 Rc2 24. Qd1 Qd6 25. Bd3 Ra2 26. Qb3 Raa8 27. Qb2 f6 28. Ra1 Kf7 29. f4 Rxa1 30. Rxa1 Bc6 31. Bxb6 Rb8 32. Ra7+ Ke6 33. Qd4 Rb7 34. Bc5 Qc7 35. Ra6 Nd6 36. Bxd6 Qxd6 37. b5 Rc7 38. e4 Qxf4 39. exd5+ Kf7 40. Qxf4 1-0

[Event "Montigny le Bretonneux Noel op 07th"]
[Site "Montigny le Bretonneux"]
[Date "2004.12.31"]
[Round "7"]
[White "Couronne, Patrice"]
[Black "Pantic, David"]
[Result "0-1"]
[WhiteElo "1710"]
[BlackElo "1740"]
[PlyCount "44"]
[EventDate "2004.12.??"]
[EventType "swiss"]
[EventRounds "7"]
[EventCountry "FRA"]
[SourceTitle "EXT 2006"]
[Source "ChessBase"]
[SourceDate "2005.11.24"]
[SourceVersion "1"]
[SourceVersionDate "2005.11.24"]
[SourceQuality "1"]

1. b3 e5 2. Bb2 Nc6 3. e3 d5 4. Bb5 Bd6 5. f4 Qh4+ 6. g3 Qe7 7. Nf3 f6 8. fxe5 fxe5 9. Bxc6+ bxc6 10. Nxe5 Nf6 11. Nxc6 Qe4 12. 0-0 Bh3 13. Rf2 Ng4 14. Re2 0-0 15. Nc3 Qe8 16. Re1 Qxc6 17. d4 Rf2 18. Qxg4 Bxg4 19. Kxf2 Bb4 20. Kg1 Bxc3 21. Bxc3 Qxc3 22. Rac1 Rf8 0-1

[Event "Montigny le Bretonneux Noel op 07th"]
[Site "Montigny le Bretonneux"]
[Date "2004.12.28"]
[Round "4"]
[White "Laurent, Dominique"]
[Black "Pantic, David"]
[Result "0-1"]
[WhiteElo "2007"]
[BlackElo "1740"]
[PlyCount "38"]
[EventDate "2004.12.??"]
[EventType "swiss"]
[EventRounds "7"]
[EventCountry "FRA"]
[SourceTitle "EXT 2006"]
[Source "ChessBase"]
[SourceDate "2005.11.24"]
[SourceVersion "1"]
[SourceVersionDate "2005.11.24"]
[SourceQuality "1"]

1. e4 d6 2. d4 Nf6 3. Nc3 Nbd7 4. f4 e5 5. Nf3 exd4 6. Nxd4 Nc5 7. Bb5+ Bd7 8. Qe2 c6 9. e5 Bg4 10. Qe3 cxb5 11. exf6+ Kd7 12. Qg3 h5 13. h3 Qxf6 14. hxg4 Qxd4 15. Be3 Re8 16. Kf2 Qxc3 17. bxc3 Ne4+ 18. Kf3 Nxg3 19. Rh3 hxg4+ 0-1

[Event "Montigny le Bretonneux Noel op 07th"]
[Site "Montigny le Bretonneux"]
[Date "2004.12.26"]
[Round "1"]
[White "Pantic, David"]
[Black "Riazuelo, Gilles"]
[Result "0-1"]
[WhiteElo "1740"]
[BlackElo "2096"]
[PlyCount "68"]
[EventDate "2004.12.??"]
[EventType "swiss"]
[EventRounds "7"]
[EventCountry "FRA"]
[SourceTitle "EXT 2006"]
[Source "ChessBase"]
[SourceDate "2005.11.24"]
[SourceVersion "1"]
[SourceVersionDate "2005.11.24"]
[SourceQuality "1"]

1. Nf3 g6 2. b3 Bg7 3. Nc3 b5 4. Bb2 Bb7 5. e3 a6 6. d4 Nf6 7. Bd3 0-0 8. Ne2 Ne4 9. Ng3 f5 10. c4 c5 11. 0-0 Nxg3 12. hxg3 b4 13. Qd2 Qc7 14. Rfd1 cxd4 15. exd4 Bxf3 16. gxf3 Nc6 17. c5 d5 18. cxd6 Qxd6 19. Bc4+ Kh8 20. f4 Rad8 21. d5 e5 22. Bxa6 Nd4 23. Bxd4 exd4 24. Bb7 Rfe8 25. Qd3 Re4 26. Rac1 Rde8 27. Bc6 R8e7 28. Qa6 h6 29. Qa8+ Kh7 30. Ba4 h5 31. Qc6 Qd8 32. Qc2 Re1+ 33. Kg2 Qxd5+ 34. f3 R1e2+ 0-1

[Event "Montigny le Bretonneux 3rd"]
[Site "Montigny le Bretonneux"]
[Date "2004.10.31"]
[Round "8"]
[White "Pantic, David"]
[Black "Miolane, Leo"]
[Result "1/2-1/2"]
[WhiteElo "1740"]
[BlackElo "1560"]
[PlyCount "103"]
[EventDate "2004.10.??"]
[EventType "swiss"]
[EventRounds "9"]
[EventCountry "FRA"]
[SourceTitle "EXT 2006"]
[Source "ChessBase"]
[SourceDate "2005.11.24"]
[SourceVersion "1"]
[SourceVersionDate "2005.11.24"]
[SourceQuality "1"]

1. Nf3 d5 2. b3 Bg4 3. Bb2 Nd7 4. g3 e6 5. Bg2 Ngf6 6. d3 Bc5 7. a3 a5 8. c3 c6 9. Nbd2 0-0 10. h3 Bxf3 11. Bxf3 Qb6 12. d4 Bd6 13. 0-0 c5 14. e4 dxe4 15. Nxe4 Nxe4 16. Bxe4 cxd4 17. cxd4 Nf6 18. Bd3 Rfc8 19. Bc4 Ne8 20. Rc1 Rd8 21. Qe2 Nf6 22. Rc3 Be7 23. Rf3 Qd6 24. Re1 Rac8 25. a4 b6 26. Rf4 Rc7 27. Qf3 Rcc8 28. g4 Rf8 29. Re5 Rcd8 30. Rb5 Rd7 31. g5 Ne8 32. Rh4 Nc7 33. Qh5 h6 34. Re5 f6 35. gxh6 fxe5 36. Rg4 Bf6 37. dxe5 Qd1+ 38. Bf1 Bd8 39. Ba3 Rf5 40. Qg6 Rg5 41. Rxg5 Bxg5 42. Qxg5 Qf3 43. Bd6 Rf7 44. h7+ Kxh7 45. Qh4+ Kg8 46. Qd8+ Kh7 47. Qh4+ Kg6 48. Bd3+ Qxd3 49. Qg4+ Kh7 50. Qh4+ Kg8 51. Qd8+ Kh7 52. Qh4+ 1/2-1/2

[Event "Montigny le Bretonneux Noel op 06th"]
[Site "Montigny le Bretonneux"]
[Date "2003.12.28"]
[Round "3"]
[White "Pantic, David"]
[Black "Baron, Romuald"]
[Result "0-1"]
[WhiteElo "1720"]
[BlackElo "1950"]
[PlyCount "56"]
[EventDate "2003.12.26"]
[EventType "swiss"]
[EventRounds "6"]
[EventCountry "FRA"]
[SourceTitle "CBM 097 Extra"]
[Source "ChessBase"]
[SourceDate "2004.01.13"]
[SourceVersion "1"]
[SourceVersionDate "2004.01.13"]
[SourceQuality "1"]

1. c4 Nf6 2. g3 c5 3. Nc3 Nc6 4. Nf3 g6 5. Bg2 Bg7 6. 0-0 0-0 7. d4 cxd4 8. Nxd4 Nxd4 9. Qxd4 d6 10. Qd2 Rb8 11. Rb1 a6 12. b3 b5 13. cxb5 axb5 14. Bb2 b4 15. Nd5 Nxd5 16. Bxd5 Bxb2 17. Rxb2 e6 18. Bc4 d5 19. Bd3 e5 20. Rd1 Bg4 21. f3 Be6 22. e3 Qf6 23. Kg2 Rfc8 24. Rc1 h5 25. Rxc8+ Rxc8 26. Qxb4 e4 27. Rc2 Qxf3+ 28. Kg1 Qxe3+ 0-1

[Event "Yvelines-ch"]
[Site "Fontenay le Fleury"]
[Date "2003.02.15"]
[Round "6.26"]
[White "Pantic, David"]
[Black "Staes, Cyrille"]
[Result "1-0"]
[WhiteElo "1780"]
[BlackElo "1470"]
[PlyCount "101"]
[EventDate "2003.02.17"]
[EventType "swiss"]
[EventRounds "7"]
[EventCountry "FRA"]
[SourceTitle "EXT 2004"]
[Source "ChessBase"]
[SourceDate "2003.11.25"]
[SourceVersion "1"]
[SourceVersionDate "2003.11.25"]
[SourceQuality "1"]

1. Nf3 c5 2. b3 Nf6 3. Bb2 e6 4. c4 g6 5. e4 d6 6. Nc3 Bg7 7. d3 0-0 8. Be2 Nc6 9. 0-0 e5 10. Nd5 Nxd5 11. cxd5 Nd4 12. Nxd4 cxd4 13. Qd2 f5 14. Rac1 b5 15. Qb4 a6 16. Ba3 Rf6 17. Rc6 Bf8 18. Rfc1 Bd7 19. Rc7 a5 20. Qd2 b4 21. Bb2 f4 22. Qd1 Rf7 23. a4 Rc8 24. R7c2 Bh6 25. Rxc8 Bxc8 26. Bg4 Bxg4 27. Qxg4 Rc7 28. Qd1 Qc8 29. Rxc7 Qxc7 30. Qc1 Qxc1+ 31. Bxc1 g5 32. Bd2 Kf7 33. Bxb4 Ke7 34. Bxa5 Kd7 35. f3 Bf8 36. Kf1 h5 37. h3 Be7 38. Kf2 h4 39. Ke2 Kc8 40. Kd1 Bd8 41. Bxd8 Kxd8 42. a5 Kc7 43. b4 Kb7 44. b5 Ka7 45. Kc2 Kb7 46. Kb3 Ka7 47. Kb4 Kb7 48. a6+ Kb6 49. Ka4 Ka7 50. Ka5 Kb8 51. Kb6 1-0

[Event "Yvelines-ch"]
[Site "Fontenay le Fleury"]
[Date "2003.02.09"]
[Round "3.12"]
[White "Pantic, David"]
[Black "Glod, Philippe"]
[Result "0-1"]
[WhiteElo "1780"]
[BlackElo "2152"]
[PlyCount "36"]
[EventDate "2003.02.17"]
[EventType "swiss"]
[EventRounds "7"]
[EventCountry "FRA"]
[SourceTitle "EXT 2004"]
[Source "ChessBase"]
[SourceDate "2003.11.25"]
[SourceVersion "1"]
[SourceVersionDate "2003.11.25"]
[SourceQuality "1"]

1. Nf3 Nc6 2. b3 e5 3. Bb2 e4 4. Nd4 Nf6 5. Nxc6 dxc6 6. e3 Bf5 7. Be2 h5 8. h3 Rh6 9. d4 h4 10. Ba3 Bd6 11. Qd2 Rg6 12. Bf1 Qe7 13. Bxd6 Qxd6 14. Nc3 Qa3 15. Nb1 Qb2 16. Qc3 Qc1+ 17. Ke2 Nd5 18. Qe1 Qb2 0-1

[Event "Yvelines-ch"]
[Site "Fontenay le Fleury"]
[Date "2003.02.07"]
[Round "1.35"]
[White "Holin, Yannick"]
[Black "Pantic, David"]
[Result "0-1"]
[WhiteElo "1160"]
[BlackElo "1780"]
[PlyCount "57"]
[EventDate "2003.02.17"]
[EventType "swiss"]
[EventRounds "7"]
[EventCountry "FRA"]
[SourceTitle "EXT 2004"]
[Source "ChessBase"]
[SourceDate "2003.11.25"]
[SourceVersion "1"]
[SourceVersionDate "2003.11.25"]
[SourceQuality "1"]

1. d4 Nf6 2. c4 d5 3. Nc3 e6 4. Qb3 Be7 5. e3 0-0 6. Bd3 Nc6 7. a3 Na5 8. Qa2 dxc4 9. Bxc4 Nxc4 10. Qxc4 b6 11. Nge2 Bb7 12. f3 Nd5 13. e4 Nxc3 14. Nxc3 c5 15. Be3 cxd4 16. Bxd4 Rc8 17. Qa4 a6 18. 0-0-0 Qc7 19. Qb3 b5 20. Kb1 Qa5 21. Rd3 b4 22. axb4 Bxb4 23. Qa2 Qc7 24. g3 a5 25. Qb3 Ba6 26. Re3 Bc4 27. Qc2 e5 28. Nd5 Ba2+ 29. Kc1 0-1

[Event "Montigny le Bretonneux Noel op 05th"]
[Site "Montigny le Bretonneux"]
[Date "2002.12.29"]
[Round "5.12"]
[White "Goujon, Antoine"]
[Black "Pantic, David"]
[Result "0-1"]
[WhiteElo "1760"]
[BlackElo "1499"]
[PlyCount "26"]
[EventDate "2002.12.??"]
[EventType "swiss"]
[EventRounds "7"]
[EventCountry "FRA"]
[SourceTitle "EXT 2004"]
[Source "ChessBase"]
[SourceDate "2003.11.25"]
[SourceVersion "1"]
[SourceVersionDate "2003.11.25"]
[SourceQuality "1"]

1. e4 c5 2. Nf3 g6 3. d4 cxd4 4. Nxd4 Bg7 5. Be3 Nf6 6. Nc3 0-0 7. Bc4 Nc6 8. Qd2 Ng4 9. 0-0 Qc7 10. Bf4 Be5 11. Bxe5 Ncxe5 12. Bb3 Nc4 13. Bxc4 Qxh2# 0-1

[Event "Montigny le Bretonneux Noel op 05th"]
[Site "Montigny le Bretonneux"]
[Date "2002.12.28"]
[Round "3.23"]
[White "Bilquez, Romain"]
[Black "Pantic, David"]
[Result "0-1"]
[WhiteElo "1530"]
[BlackElo "1499"]
[PlyCount "66"]
[EventDate "2002.12.??"]
[EventType "swiss"]
[EventRounds "7"]
[EventCountry "FRA"]
[SourceTitle "EXT 2004"]
[Source "ChessBase"]
[SourceDate "2003.11.25"]
[SourceVersion "1"]
[SourceVersionDate "2003.11.25"]
[SourceQuality "1"]

1. e4 e6 2. d4 b6 3. Bd3 Be7 4. Qg4 Bf8 5. e5 Bb7 6. Bg5 Ne7 7. Ne2 h6 8. Be3 Nd5 9. 0-0 Nc6 10. c4 Nxe3 11. fxe3 Nb4 12. Bg6 Qg5 13. Qxg5 hxg5 14. Bxf7+ Kd8 15. Bg6 Be7 16. Nd2 Rh6 17. Bb1 d6 18. a3 Nc6 19. b4 Kd7 20. b5 Na5 21. exd6 Bxd6 22. h3 g4 23. Ne4 gxh3 24. Rf7+ Ke8 25. Nxd6+ cxd6 26. Rxg7 Bxg2 27. Kh2 Nxc4 28. Nf4 Nxe3 29. Bg6+ Rxg6 30. Rxg6 Kf7 31. Rxe6 Nf1+ 32. Kg1 Rg8 33. Rxd6 h2+ 0-1